Soil Mechanics: Concepts And Applications (Record no. 14344)
[ view plain ]
| 000 -LEADER | |
|---|---|
| fixed length control field | 00315nam a22001337a 4500 |
| 020 ## - INTERNATIONAL STANDARD BOOK NUMBER | |
| ISBN | 9781466552098 |
| 082 ## - DEWEY DECIMAL CLASSIFICATION NUMBER | |
| Classification number | 624.15136 |
| Item number | POW/SO |
| 100 ## - MAIN ENTRY--AUTHOR NAME | |
| Personal name | Powrie, William |
| 245 ## - TITLE STATEMENT | |
| Title | Soil Mechanics: Concepts And Applications |
| 250 ## - EDITION STATEMENT | |
| Edition statement | 3rd |
| 260 ## - PUBLICATION, DISTRIBUTION, ETC. (IMPRINT) | |
| Place of publication | New York |
| Name of publisher | CRC Press |
| Year of publication | 2014 |
| 300 ## - PHYSICAL DESCRIPTION | |
| Number of Pages | 654 |
| 942 ## - ADDED ENTRY ELEMENTS (KOHA) | |
| Koha item type | Books |
| Withdrawn status | Lost status | Damaged status | Home library | Current library | Shelving location | Date acquired | Source of acquisition | Cost, normal purchase price | Full call number | Accession Number | Koha item type | Collection code |
|---|---|---|---|---|---|---|---|---|---|---|---|---|
| KAUAET | KAUAET | General Stacks | 17/06/2016 | Ganesh Book Centre Trivandrum | 4354.91 | 624.15136 POW/SO | 24607 | Books | ||||
| KAUAET | KAUAET | General Stacks | 12/07/2016 | Penta Books, Calicut | 4354.91 | 624.15136 POW/SO | 24201 | Books |
